[Event "Baden-Baden-B"]
[Site "Baden-Baden"]
[Date "1992.12.09"]
[Round "5"]
[White "Bischoff, Klaus"]
[Black "Hort, Vlastimil"]
[Result "1/2-1/2"]
[WhiteElo "2510"]
[BlackElo "2560"]
[EventDate "1992.12.??"]

1. c4 e6 2. Nc3 d5 3. d4 Be7 4. cxd5 exd5 5. Bf4 c6 6. e3 Bf5 7. Nge2 Nd7 
8. Ng3 Be6 9. Nh5 Bf8 10. Bg3 Ndf6 11. Nf4 Bf5 12. Bd3 Bg6 13. O-O Bd6 14.
 Rb1 a5 15. a3 Ne7 16. Qc2 O-O 17. Rfc1 Re8 18. Na4 Be4 19. Ne2 Nf5 20. 
Bxd6 Nxd6 1/2-1/2

[Event "Barcelona"]
[Site "Barcelona"]
[Date "1992.??.??"]
[Round "?"]
[White "Gurevich, Mikhail"]
[Black "Akopian, Vladimir"]
[Result "1/2-1/2"]
[WhiteElo "2635"]
[BlackElo "2605"]
[EventDate "1992.04.??"]

1. d4 Nf6 2. c4 e6 3. Nc3 d5 4. Bg5 Nbd7 5. cxd5 exd5 6. e3 Be7 7. Bd3 c6 
8. Nf3 O-O 9. Qc2 Re8 10. O-O Nf8 11. h3 Be6 12. Ne5 N6d7 13. Bxe7 Qxe7 
14. f4 f6 15. Nf3 Bf7 16. Rae1 c5 17. Qf2 Nb6 18. Nh4 cxd4 19. exd4 Qc7 
20. Rc1 Qd8 21. Nb5 Nc4 22. b3 a6 23. bxc4 dxc4 24. Bxc4 Bxc4 25. Rxc4 
axb5 26. Rc5 Ne6 27. Rxb5 Qxd4 28. Qxd4 Nxd4 29. Rxb7 Rxa2 30. Kh2 Rae2 
31. Rd1 R2e4 32. Rd7 Ne6 33. Nf5 Rxf4 34. Nd6 Rb8 35. Re1 Nf8 36. Ra7 Rd8 
37. Ne8 Rd7 38. Rxd7 Nxd7 39. Re7 Kf8 40. Rxd7 Kxe8 41. Rxg7 Rh4 42. g4 
Rh6 43. Kg3 Rg6 44. Rxh7 f5 45. Kh4 fxg4 46. hxg4 1/2-1/2

[Event "Beersheba"]
[Site "Beersheba"]
[Date "1992.??.??"]
[Round "11"]
[White "Chernin, Alexander"]
[Black "Greenfeld, Alon"]
[Result "1/2-1/2"]
[WhiteElo "2620"]
[BlackElo "2520"]
[EventDate "1992.03.??"]

1. d4 Nf6 2. Nf3 d5 3. c4 e6 4. Nc3 Nbd7 5. Bg5 Bb4 6. cxd5 exd5 7. Nd2 c6
8. e3 Nf8 9. Bd3 Ng6 10. Qa4 Be7 11. Qc2 Be6 12. h3 Bb4 13. f4 Bd7 14. O-O
h6 15. Bxg6 fxg6 16. Qxg6+ Kf8 17. Bh4 Qe8 18. Qd3 Qh5 19. Bxf6 gxf6 20. 
e4 Rg8 21. Kh2 dxe4 22. Ndxe4 Bf5 23. Qf3 Qxf3 24. Rxf3 Rd8 25. Rd1 Kf7 
26. a3 Ba5 27. Nc5 Bc8 28. d5 Bc7 29. dxc6 bxc6 30. g3 h5 31. Rxd8 Rxd8 
32. Rd3 Re8 33. N3e4 h4 34. g4 Bxf4+ 35. Kg2 Kg6 36. Rd1 1/2-1/2

[Event "Biel MTO op"]
[Site "Biel"]
[Date "1992.??.??"]
[Round "9"]
[White "Baburin, Alexander"]
[Black "Van der Sterren, Paul"]
[Result "1-0"]
[WhiteElo "2520"]
[BlackElo "2530"]
[EventDate "1992.07.??"]

1. d4 Nf6 2. c4 e6 3. Nc3 d5 4. cxd5 exd5 5. Bg5 Be7 6. e3 c6 7. Qc2 O-O 
8. Bd3 Nbd7 9. Nge2 Re8 10. O-O Nf8 11. f3 Be6 12. Rae1 N6d7 13. Bxe7 Qxe7
14. Nf4 Qd6 15. Qf2 f6 16. Nh5 Bf7 17. Ng3 Bg6 18. e4 Nb6 19. Rd1 Rad8 20.
 Bb1 Nc4 21. a3 Qf4 22. Rfe1 dxe4 23. Ba2 Bf7 24. Ngxe4 Qc7 25. Re2 Nb6 
26. Bxf7+ Qxf7 27. Qg3 Qg6 28. Rde1 Qxg3 29. hxg3 Re6 30. Nc5 Rxe2 31. 
Rxe2 Kf7 32. Nxb7 Rxd4 33. Na5 Rd6 34. Kf2 c5 35. Nb7 Re6 1-0

[Event "Brussels SWIFT rapid"]
[Site "Brussels"]
[Date "1992.??.??"]
[Round "?"]
[White "Ehlvest, Jaan"]
[Black "Georgiev, Kiril"]
[Result "1/2-1/2"]
[WhiteElo "2615"]
[BlackElo "2605"]
[EventDate "1992.07.??"]

1. c4 e6 2. Nc3 d5 3. cxd5 exd5 4. d4 c6 5. Bf4 Bd6 6. Bg3 Ne7 7. e3 Nf5 
8. Bd3 g6 9. Nge2 h5 10. Bf4 Bxf4 11. Nxf4 Nd6 12. O-O Bf5 13. Be2 Qe7 14.
 Rc1 O-O 15. Re1 Nd7 16. Bf1 Nf6 17. f3 Rae8 18. b3 Kg7 19. Qd2 h4 20. Qf2
Rh8 21. Nd3 Nd7 22. Nc5 Nxc5 23. dxc5 Nc8 24. e4 dxe4 25. Nxe4 Bxe4 26. 
Rxe4 Qg5 27. Rce1 Rd8 28. Bc4 Rd2 29. R4e2 Rxe2 30. Rxe2 Rd8 31. Re4 Rd1+ 
32. Bf1 Ne7 33. f4 Qf6 34. Qe2 Rd7 35. Qg4 Nf5 36. Re5 Rd5 37. Rxd5 cxd5 
38. Qd1 d4 39. Bd3 Ne3 40. Qf3 Qe7 41. b4 a5 42. a3 axb4 43. axb4 b6 44. 
Qe4 Qxe4 45. Bxe4 bxc5 46. bxc5 Kf6 47. Kf2 Ng4+ 48. Ke2 Nxh2 49. Kd3 Ke7 
50. Kxd4 Nf1 51. Kd5 Ne3+ 52. Kc6 Kf6 53. Bf3 Nc4 54. Kc7 Na5 55. c6 Nxc6 
56. Kxc6 h3 57. gxh3 1/2-1/2

[Event "Candas op"]
[Site "Candas"]
[Date "1992.??.??"]
[Round "4"]
[White "Neverov, Valeriy"]
[Black "Campora, Daniel Hugo"]
[Result "1/2-1/2"]
[WhiteElo "2520"]
[BlackElo "2550"]
[EventDate "1992.10.??"]

1. d4 d5 2. c4 e6 3. Nc3 Nf6 4. cxd5 exd5 5. Bg5 c6 6. Qc2 Be7 7. e3 Nbd7 
8. Bd3 Nf8 9. Nf3 Ne6 10. Bh4 g6 11. O-O O-O 12. Rab1 Ng4 13. Bxe7 Qxe7 
14. b4 Rd8 15. Na4 Ng5 16. Nxg5 Qxg5 17. Nc5 Qe7 18. h3 Nh6 19. Rfe1 Nf5 
20. f3 b6 21. Nb3 Be6 22. a3 Nd6 23. Nd2 Rac8 24. Rbc1 Qg5 25. Kh2 c5 26. 
bxc5 bxc5 27. dxc5 Nc4 28. f4 Qf6 29. Bxc4 dxc4 30. Ne4 Qe7 31. Qc3 f5 32.
 Nf6+ Kf8 33. e4 Rd3 34. Qe5 Rxc5 35. Nxh7+ Kg8 36. Nf6+ Kf7 37. Nd5 Qh4 
38. Qd6 Rc8 39. Re3 fxe4 40. Rxd3 exd3 41. Rb1 Bxd5 42. Qxd5+ Kf8 43. Qd6+
Qe7 44. Qxg6 Qd7 45. a4 d2 46. Rb5 Qxb5 47. Qd6+ Ke8 48. axb5 Rd8 49. Qe6+
Kf8 50. Qf6+ 1/2-1/2

[Event "Copenhagen Cup"]
[Site "Copenhagen"]
[Date "1992.??.??"]
[Round "?"]
[White "Yakovich, Yuri"]
[Black "Smagin, Sergey"]
[Result "0-1"]
[WhiteElo "2525"]
[BlackElo "2550"]
[EventDate "1992.??.??"]

1. d4 Nf6 2. c4 e6 3. Nc3 d5 4. Nf3 Nbd7 5. cxd5 exd5 6. Bf4 c6 7. Qc2 Nb6
8. e3 Bg4 9. Bd3 Bh5 10. Ne5 Bg6 11. Nxg6 hxg6 12. O-O-O Be7 13. h3 Qd7 
14. Kb1 Bd6 15. Bxd6 Qxd6 16. Ka1 Qe7 17. Rhe1 O-O-O 18. Rb1 Kb8 19. Rec1 
Rc8 20. b4 Nc4 21. Qe2 b5 22. e4 Rhe8 23. e5 Nd7 24. Bxc4 dxc4 25. Ne4 
Nxe5 26. Nc5 Nd7 27. Qxe7 Rxe7 28. Re1 Rxe1 29. Rxe1 Nxc5 30. dxc5 Rc7 31.
 Re8+ Kb7 32. Kb2 Rd7 33. Kc2 g5 34. Re5 a5 35. bxa5 Ka6 36. Rxg5 f6 37. 
Rg3 Kxa5 38. Kc3 Ka4 39. Re3 Ka3 40. Re6 Rc7 41. Re2 f5 0-1

[Event "HUN-ch"]
[Site "Hungary"]
[Date "1992.??.??"]
[Round "6"]
[White "Horvath, Jozsef"]
[Black "Csom, Istvan"]
[Result "1/2-1/2"]
[WhiteElo "2505"]
[BlackElo "2540"]
[EventDate "1992.12.??"]

1. d4 Nf6 2. c4 e6 3. Nf3 d5 4. Nc3 Nbd7 5. cxd5 exd5 6. Bf4 c6 7. e3 Nh5 
8. Bg5 Be7 9. Bxe7 Qxe7 10. Qc2 g6 11. O-O-O 1/2-1/2

[Event "Helsinki op"]
[Site "Helsinki"]
[Date "1992.??.??"]
[Round "3"]
[White "Vyzmanavin, Alexey"]
[Black "Kharitonov, Andrei Y"]
[Result "1/2-1/2"]
[WhiteElo "2580"]
[BlackElo "2505"]
[EventDate "1992.09.??"]

1. d4 Nf6 2. c4 e6 3. Nc3 d5 4. cxd5 exd5 5. Bg5 Be7 6. e3 c6 7. Bd3 Nbd7 
8. Nge2 Nh5 9. Bxe7 Qxe7 10. g4 Nhf6 11. Ng3 Nb6 12. g5 Ng8 13. h4 g6 14. 
Qe2 h6 15. O-O-O hxg5 16. h5 gxh5 17. Nxh5 Rh6 18. Rdg1 Kd8 19. Qf3 Bd7 
20. Qg3 f6 21. f4 Be8 22. fxg5 fxg5 23. Qxg5 Qxg5 24. Rxg5 Nf6 25. Ng3 
Rxh1+ 26. Nxh1 Kc7 27. Ng3 1/2-1/2

[Event "Helsinki op"]
[Site "Helsinki"]
[Date "1992.??.??"]
[Round "9"]
[White "Sakaev, Konstantin"]
[Black "Kharitonov, Andrei Y"]
[Result "1/2-1/2"]
[WhiteElo "2540"]
[BlackElo "2505"]
[EventDate "1992.09.??"]

1. d4 Nf6 2. c4 e6 3. Nc3 d5 4. Nf3 Nbd7 5. Qc2 Be7 6. cxd5 exd5 7. Bf4 c6
8. e3 O-O 9. Bd3 Re8 10. h3 Nf8 11. g4 Qa5 12. Kf1 Be6 13. Kg2 Rac8 14. a3
Qd8 15. Qb3 Qb6 16. Qd1 Qd8 17. Bg3 N6d7 18. Ne2 Nb6 19. Nf4 Bd6 20. g5 
Rc7 21. h4 Bg4 22. Qc2 c5 23. dxc5 Rxc5 24. Qb3 Bxf3+ 25. Kxf3 Ne6 26. 
Rad1 Qd7 27. Ne2 Bxg3 28. Nxg3 Qc6 29. Kg2 Nc4 30. a4 a6 31. Bb1 Ne5 32. 
f4 Nc4 33. Rhe1 g6 1/2-1/2

[Event "Manila ol (Men)"]
[Site "Manila"]
[Date "1992.??.??"]
[Round "?"]
[White "Yermolinsky, Alex"]
[Black "Akopian, Vladimir"]
[Result "1/2-1/2"]
[WhiteElo "2595"]
[BlackElo "2605"]
[EventDate "1992.06.08"]

1. d4 Nf6 2. c4 e6 3. Nc3 d5 4. cxd5 exd5 5. Bg5 Be7 6. e3 Nbd7 7. Bd3 O-O
8. Nf3 c6 9. Qc2 Re8 10. O-O Nf8 11. a3 1/2-1/2

[Event "Manila ol (Men)"]
[Site "Manila"]
[Date "1992.??.??"]
[Round "?"]
[White "Olafsson, Helgi"]
[Black "Van der Sterren, Paul"]
[Result "1/2-1/2"]
[WhiteElo "2525"]
[BlackElo "2535"]
[EventDate "1992.06.08"]

1. c4 e6 2. Nc3 d5 3. d4 Nf6 4. cxd5 exd5 5. Bg5 Be7 6. e3 O-O 7. Bd3 c6 
8. Qc2 Nbd7 9. Nge2 Re8 10. O-O Nf8 11. a3 Be6 12. b4 Rc8 13. f3 N6d7 14. 
Bxe7 Rxe7 15. Rad1 Nb6 16. a4 Qd6 17. Qb2 f5 18. a5 Nc4 19. Bxc4 dxc4 20. 
e4 fxe4 21. d5 cxd5 22. fxe4 Qe5 23. exd5 Bg4 24. Rf2 Nd7 25. h3 Bh5 26. 
d6 Rf7 27. Rd5 Qe3 28. Nd1 Qh6 29. Rxf7 Bxf7 30. Rd4 1/2-1/2

[Event "Munich SKA"]
[Site "Munich"]
[Date "1992.??.??"]
[Round "8"]
[White "Lobron, Eric"]
[Black "Gurevich, Mikhail"]
[Result "0-1"]
[WhiteElo "2575"]
[BlackElo "2635"]
[EventDate "1992.05.??"]

1. d4 d5 2. c4 c6 3. Nc3 Nf6 4. Nf3 e6 5. cxd5 exd5 6. Bg5 Be7 7. Qc2 O-O 
8. e3 Nbd7 9. Bd3 Re8 10. h3 Nf8 11. O-O-O Be6 12. Kb1 N6d7 13. Bxe7 Qxe7 
14. g4 Rac8 15. Rc1 a6 16. g5 c5 17. dxc5 Nxc5 18. h4 b5 19. Qd2 Ne4 20. 
Bxe4 dxe4 21. Nd4 Bc4 22. Ka1 Qe5 23. b3 Be6 24. Nce2 Bg4 25. Rxc8 Rxc8 
26. Nf4 Ng6 27. Rg1 Bf3 28. h5 Ne7 29. Qb2 Bxh5 30. Nxh5 Qh2 31. Qb1 Qxh5 
32. Qxe4 Kf8 33. f4 Qg6 34. f5 Qd6 35. f6 gxf6 36. Qxh7 Ng6 37. Qh6+ Ke8 
38. Qh3 Rc7 39. Qf3 fxg5 40. Qa8+ Qd8 41. Qxa6 Rc5 42. Rf1 Qd5 43. Qf6 Rc7
44. Qf5 Rc5 45. Qh3 Nh4 46. Qh2 Qe5 47. Qf2 Rc7 48. Qe2 b4 49. Qa6 Kf8 50.
 Qe6 Qc5 51. Kb1 Nf3 52. Qh6+ Ke7 0-1

[Event "Oviedo Fischer Blitz"]
[Site "Oviedo"]
[Date "1992.??.??"]
[Round "?"]
[White "Vaganian, Rafael A"]
[Black "Hjartarson, Johann"]
[Result "1-0"]
[WhiteElo "2615"]
[BlackElo "2595"]
[EventDate "1992.??.??"]

1. d4 Nf6 2. c4 e6 3. Nc3 d5 4. Bg5 Be7 5. cxd5 exd5 6. e3 O-O 7. Bd3 Nbd7
8. Qc2 Re8 9. Nge2 Nf8 10. O-O-O c6 11. h3 a5 12. g4 b5 13. Ng3 a4 14. Kb1
Qa5 15. Nce2 b4 16. Qxc6 Bd7 17. Qc1 Bb5 18. Bxb5 Qxb5 19. Qd2 g6 20. Nf4 
Ne6 21. Nxe6 fxe6 22. Rc1 b3 23. a3 Rec8 24. Rc3 Rc4 25. Rxc4 dxc4 26. 
Bxf6 Bxf6 27. Ne4 Be7 28. Nc3 Qc6 29. Rc1 Rd8 30. Qe2 e5 31. d5 Qa6 32. f4
exf4 33. exf4 Bf6 34. Ne4 Bg7 35. d6 Rc8 36. d7 Rd8 37. Rxc4 Rxd7 38. Nf6+
Qxf6 39. Qe8+ Bf8 40. Qxd7 h5 41. Rc7 Bg7 42. Qxg7+ Qxg7 43. Rxg7+ Kxg7 
44. Kc1 Kf6 45. Kd2 h4 46. Ke3 Ke6 47. Kd4 Kd6 48. f5 gxf5 49. gxf5 Ke7 
50. Ke5 Kf7 51. Kf4 Kf6 1-0

[Event "Oviedo Fischer Blitz"]
[Site "Oviedo"]
[Date "1992.??.??"]
[Round "?"]
[White "Hjartarson, Johann"]
[Black "Vaganian, Rafael A"]
[Result "1-0"]
[WhiteElo "2595"]
[BlackElo "2615"]
[EventDate "1992.??.??"]

1. d4 Nf6 2. c4 e6 3. Nc3 d5 4. Bg5 Be7 5. cxd5 exd5 6. e3 O-O 7. Bd3 Nbd7
8. Qc2 Re8 9. Nge2 Nf8 10. O-O-O c6 11. h3 a5 12. g4 b5 13. Ng3 a4 14. Kb1
Qa5 15. Nce2 b4 16. Qxc6 Bd7 17. Qc1 Bb5 18. Bxb5 Qxb5 19. Qd2 g6 20. Nf4 
Ne6 21. Nxe6 fxe6 22. Rc1 b3 23. a3 Rec8 24. Rc3 Rc4 25. Rxc4 dxc4 26. 
Bxf6 Bxf6 27. Ne4 Be7 28. Nc3 Qc6 29. Rc1 Rd8 30. Qe2 e5 31. d5 Qa6 32. f4
exf4 33. exf4 Bf6 34. Ne4 Bg7 35. d6 Rc8 36. d7 Rd8 37. Rxc4 Rxd7 38. Nf6+
Qxf6 39. Qe8+ Bf8 1-0

[Event "Parthenay op"]
[Site "Parthenay"]
[Date "1992.??.??"]
[Round "9"]
[White "Ikonnikov, Vyacheslav"]
[Black "Flear, Glenn C"]
[Result "1/2-1/2"]
[WhiteElo "2505"]
[BlackElo "2505"]
[EventDate "1992.07.??"]

1. c4 e6 2. Nf3 d5 3. d4 Nf6 4. Nc3 c6 5. Bg5 Nbd7 6. cxd5 exd5 7. e3 Be7 
8. Bd3 O-O 9. Qc2 Re8 10. O-O Nf8 11. h3 g6 12. Rab1 Nh5 13. Bxe7 Qxe7 14.
 b4 a6 15. a4 Be6 16. b5 axb5 17. axb5 c5 18. dxc5 Qxc5 19. Rfc1 Rec8 20. 
Qb2 Qa3 21. Nd4 Nd7 22. Bf1 Qxb2 23. Rxb2 Nb6 24. Rbc2 Nf6 25. h4 Bd7 26. 
g3 Kf8 27. f3 h5 28. Kf2 Ke7 29. Nce2 Kd6 30. Nf4 Rxc2+ 31. Rxc2 Rc8 32. 
Rd2 Nc4 33. Rd1 Kc5 34. Rc1 Kd6 35. e4 Nb2 36. Rb1 Na4 37. Ra1 Nc3 38. Ra8
Rb8 39. Ra3 Rc8 40. Ra7 Rb8 41. Ra3 Rc8 1/2-1/2

[Event "Rubinstein mem"]
[Site "Polanica Zdroj"]
[Date "1992.??.??"]
[Round "3"]
[White "Cebalo, Miso"]
[Black "Flear, Glenn C"]
[Result "1/2-1/2"]
[WhiteElo "2500"]
[BlackElo "2505"]
[EventDate "1992.08.??"]

1. d4 d5 2. Nf3 Nf6 3. c4 e6 4. Nc3 c6 5. Bg5 Nbd7 6. cxd5 exd5 7. e3 Be7 
8. Qc2 O-O 9. Bd3 Re8 10. O-O Nf8 11. h3 g6 12. Bxf6 Bxf6 13. b4 Ne6 14. 
Rac1 a6 15. a4 Qd6 16. b5 axb5 17. axb5 c5 18. dxc5 Nxc5 19. Rfd1 Ra3 20. 
Nxd5 Nxd3 21. Rxd3 Rxd3 22. Qxd3 Bb2 23. Rc4 Rd8 24. Rc2 Bf5 25. e4 Qxd5 
26. Qxd5 Rxd5 27. exf5 Rxb5 28. fxg6 hxg6 29. Kf1 Bf6 30. Ke2 Rd5 31. Rc7 
b5 32. Rb7 Kf8 33. h4 Be7 1/2-1/2

[Event "Tilburg"]
[Site "Tilburg"]
[Date "1992.??.??"]
[Round "1"]
[White "Ftacnik, Lubomir"]
[Black "Winants, Luc"]
[Result "1-0"]
[WhiteElo "2535"]
[BlackElo "2505"]
[EventDate "1992.10.??"]

1. d4 Nf6 2. Nf3 e6 3. c4 d5 4. Nc3 Bb4 5. cxd5 exd5 6. Bg5 Nbd7 7. Nd2 c6
8. e3 Nf8 9. Bd3 Ng6 10. O-O O-O 11. h4 h6 12. h5 hxg5 13. hxg6 fxg6 14. 
Qb3 Ba5 15. e4 Bb6 16. exd5 cxd5 17. Nde4 Be6 18. Rae1 Bxd4 19. Nxf6+ Rxf6
20. Rxe6 Rxe6 21. Nxd5 Qd6 22. Nc7 Qxc7 23. Qxe6+ Qf7 24. Qd6 Qf6 25. Bc4+
Kh7 26. Qh2# 1-0

[Event "Tilburg"]
[Site "Tilburg"]
[Date "1992.??.??"]
[Round "2"]
[White "Epishin, Vladimir"]
[Black "Ivanchuk, Vassily"]
[Result "0-1"]
[WhiteElo "2630"]
[BlackElo "2720"]
[EventDate "1992.10.??"]

1. d4 Nf6 2. c4 e6 3. Nf3 d5 4. Nc3 Nbd7 5. cxd5 exd5 6. Bf4 c6 7. Qc2 Bb4
8. e3 Nh5 9. Bg5 Be7 10. Bxe7 Qxe7 11. O-O-O Nb6 12. h3 g6 13. Bd3 Ng7 14.
 g4 Bd7 15. Kb1 O-O-O 16. Qb3 Be6 17. Rc1 Kb8 18. Na4 Nxa4 19. Qxa4 Rd6 
20. Rc3 Rc8 21. Rhc1 f6 22. Ra3 b6 23. g5 Rc7 24. gxf6 Qxf6 25. Ne5 Bf5 
26. Bxf5 Nxf5 27. f4 Ng3 28. b4 Ne4 29. Ka1 h6 30. Qc2 g5 31. fxg5 hxg5 
32. Rb3 Re6 33. Qh2 Qf2 34. Qxf2 Nxf2 35. Rbc3 Kb7 36. b5 c5 37. Nc6 Rexc6
38. bxc6+ Rxc6 39. dxc5 Ne4 40. Rd3 Nxc5 41. Rdd1 Re6 42. Rxd5 Rxe3 43. 
Rh1 Rg3 44. Rd4 Re3 45. Rg4 Ne4 46. Rc1 Nc5 47. Rh1 Ne4 48. Rh2 Kc6 49. 
Kb2 a5 50. Rgg2 Rf3 51. Rc2+ Kb5 52. Rc8 Nd6 53. Rg8 Nc4+ 54. Kc1 Rg3 55. 
Kd1 Kb4 56. Ke1 b5 57. Rh8 a4 58. Rh5 Ka3 59. Rc2 Rg1+ 60. Kf2 Rh1 61. Kg3
Nd6 62. Re2 Ra1 63. Rxg5 Rxa2 64. Re6 Rd2 65. h4 Kb4 66. Rg4+ Kc5 67. Re5+
Rd5 68. Rgg5 Rxe5 69. Rxe5+ Kd4 70. Kf4 a3 71. Re6 Kd5 72. Re5+ Kd4 73. 
Re7 b4 74. Ra7 Nb5 75. Ra5 b3 0-1

[Event "Tilburg"]
[Site "Tilburg"]
[Date "1992.??.??"]
[Round "2"]
[White "Lputian, Smbat G"]
[Black "Sveshnikov, Evgeny"]
[Result "0-1"]
[WhiteElo "2585"]
[BlackElo "2525"]
[EventDate "1992.10.??"]

1. d4 d5 2. c4 e6 3. Nf3 Nf6 4. Nc3 c6 5. cxd5 exd5 6. Bg5 Bf5 7. e3 Nbd7 
8. Bd3 Bxd3 9. Qxd3 Bd6 10. O-O O-O 11. Bh4 Qe8 12. Nd2 Qe6 13. Rfe1 Ng4 
14. h3 Qh6 15. Nf3 Nh2 16. Nxh2 Bxh2+ 17. Kxh2 Qxh4 18. Qf5 Rad8 19. b4 
Nb6 20. b5 Rd6 21. Re2 Rf6 22. Qg4 Qh6 23. a4 a5 24. bxa6 bxa6 25. a5 Nc4 
26. Na4 Rg6 27. Qf3 Qg5 28. Nc5 Ne5 29. Qg3 Qh5 30. Qxe5 Qxe2 31. Kg1 Qb2 
32. Rf1 Qb5 33. Qc7 h6 34. Nd7 Re8 35. Rc1 Rge6 36. Ne5 R6e7 37. Qb6 Qxb6 
38. axb6 Rb7 39. Rxc6 Reb8 40. Rc5 Rxb6 41. Rxd5 Ra8 42. Ra5 Rb5 43. Ra4 
a5 44. Nc6 Kf8 45. e4 Ke8 46. d5 Kd7 47. g4 Kc7 48. Kg2 Kb6 49. Kg3 Rb1 
50. Kf4 Kb5 51. Ra3 a4 52. h4 Kc5 53. Rc3+ Kb6 54. Ne5 Rb3 55. Rc6+ Kb7 
56. d6 Rc8 57. d7 Rxc6 58. d8=N+ Kc7 59. Ndxc6 f6 60. Nd4 fxe5+ 61. Kxe5 
Rb2 0-1

[Event "Altensteig-A"]
[Site "Altensteig"]
[Date "1993.??.??"]
[Round "5"]
[White "Stangl, Markus"]
[Black "Boensch, Uwe"]
[Result "1/2-1/2"]
[WhiteElo "2525"]
[BlackElo "2525"]
[EventDate "1993.07.07"]

1. d4 Nf6 2. c4 e6 3. Nc3 d5 4. cxd5 exd5 5. Bg5 Be7 6. e3 c6 7. Bd3 Bg4 
8. Nge2 Bh5 9. Qb3 Qb6 10. Nf4 Bg6 11. Nxg6 Qxb3 12. axb3 hxg6 13. Bf4 
Nbd7 14. h3 Nb6 15. Na4 Nxa4 16. bxa4 a5 17. Ke2 1/2-1/2

[Event "Altensteig-A"]
[Site "Altensteig"]
[Date "1993.??.??"]
[Round "7"]
[White "Knaak, Rainer"]
[Black "Boensch, Uwe"]
[Result "1/2-1/2"]
[WhiteElo "2525"]
[BlackElo "2525"]
[EventDate "1993.07.07"]

1. d4 Nf6 2. c4 e6 3. Nc3 d5 4. cxd5 exd5 5. Bg5 c6 6. Qc2 Be7 7. e3 Nbd7 
8. Bd3 Nh5 9. Bxe7 Qxe7 10. O-O-O Nb6 11. h3 g6 12. Nge2 Bd7 13. Kb1 O-O-O
14. Na4 Nxa4 15. Qxa4 Kb8 16. Rc1 Ng7 17. Ka1 Rc8 18. Rc3 Rc7 19. Qc2 Qf6 
20. Nc1 h5 21. Nb3 b6 22. Rc1 Rhc8 23. f3 Ne6 24. Ba6 Rd8 25. Bf1 h4 26. 
Rd1 Be8 27. Ba6 Bd7 28. Rc1 Qe7 29. Be2 Rdc8 30. e4 c5 31. dxc5 Nxc5 32. 
Nxc5 Rxc5 33. exd5 Rxc3 34. bxc3 Qe5 35. Qe4 Qf6 36. Kb2 Re8 37. Qd3 Qe5 
38. Bf1 Bf5 39. Qd2 Kc7 40. Rd1 Kd6 41. Qg5 Rc8 42. Rd4 b5 43. Qd2 Rc5 44.
 f4 Qe7 45. Bd3 Bxd3 46. Rxd3 Qe4 47. Rd4 Rxd5 48. Rxd5+ Qxd5 49. Qf2 
1/2-1/2

[Event "Andorra op 11th"]
[Site "Andorra"]
[Date "1993.??.??"]
[Round "9"]
[White "Spraggett, Kevin"]
[Black "Blatny, Pavel"]
[Result "1/2-1/2"]
[WhiteElo "2555"]
[BlackElo "2510"]
[EventDate "1993.06.??"]

1. c4 e6 2. Nc3 d5 3. d4 Nf6 4. cxd5 exd5 5. Bg5 Nbd7 6. e3 Be7 7. Bd3 c6 
8. Qc2 O-O 9. Nf3 Re8 10. h3 Nf8 11. Bf4 Bd6 12. Bxd6 Qxd6 13. O-O Re7 14.
 Rab1 Bd7 15. b4 Rc8 16. Ne5 Be8 17. Rfc1 Rcc7 18. Ne2 1/2-1/2

[Event "Belgrade"]
[Site "Belgrade"]
[Date "1993.??.??"]
[Round "7"]
[White "Bareev, Evgeny"]
[Black "Beliavsky, Alexander G"]
[Result "0-1"]
[WhiteElo "2660"]
[BlackElo "2635"]
[EventDate "1993.12.??"]

1. d4 Nf6 2. c4 e6 3. Nc3 Bb4 4. Qc2 d5 5. cxd5 exd5 6. Nf3 Ne4 7. e3 c6 
8. Bd3 f5 9. O-O Nd7 10. Ne1 Qa5 11. a3 Bxc3 12. bxc3 Nb6 13. f3 Nd6 14. 
a4 Nbc4 15. e4 O-O 16. e5 Nb5 17. Rf2 Nxd4 18. cxd4 Qxe1+ 19. Bf1 f4 20. 
Re2 Qb4 21. Rb1 Qe7 22. Qc3 Be6 23. Ra2 Rf7 24. a5 Rd8 25. Bxc4 dxc4 26. 
Ba3 Qe8 27. Bc5 a6 28. Rab2 Rdd7 29. Re1 g5 30. Rb4 Rg7 31. Rxc4 h5 32. 
Rb4 Qg6 33. Rb2 g4 34. fxg4 hxg4 35. Rf2 Rdf7 36. Ref1 Qh6 37. g3 fxg3 38.
 Qxg3 Rf3 39. Qg2 Bd5 0-1

[Event "Cheliabinsk"]
[Site "Cheliabinsk"]
[Date "1993.??.??"]
[Round "?"]
[White "Ulibin, Mikhail"]
[Black "Gleizerov, Evgeny"]
[Result "1/2-1/2"]
[WhiteElo "2560"]
[BlackElo "2525"]
[EventDate "1993.12.??"]

1. d4 d5 2. c4 e6 3. Nc3 Nf6 4. cxd5 exd5 5. Bg5 Be7 6. e3 O-O 7. Qc2 c6 
8. Bd3 Nbd7 9. Nf3 Re8 10. O-O Nf8 11. Rae1 Ne4 12. Bxe7 Qxe7 13. Bxe4 
dxe4 14. Nd2 f5 15. d5 Bd7 16. Qb3 cxd5 17. Qxb7 Reb8 18. Qxd5+ Be6 19. 
Qc6 Bd7 20. Qd5+ Be6 21. Qc6 Bd7 22. Qd5+ 1/2-1/2

[Event "Herzliya"]
[Site "Herzliya"]
[Date "1993.??.??"]
[Round "1"]
[White "Beim, Valery"]
[Black "Boensch, Uwe"]
[Result "1/2-1/2"]
[WhiteElo "2500"]
[BlackElo "2525"]
[EventDate "1993.11.??"]

1. c4 e6 2. Nc3 d5 3. d4 Nf6 4. cxd5 exd5 5. Bg5 c6 6. e3 Be7 7. Bd3 Bg4 
8. Nge2 Bh5 9. Qb3 Qb6 10. Nf4 Bg6 11. Nxg6 Qxb3 12. axb3 1/2-1/2

[Event "Katerini GP"]
[Site "Katerini"]
[Date "1993.??.??"]
[Round "9"]
[White "Hertneck, Gerald"]
[Black "Sturua, Zurab"]
[Result "1-0"]
[WhiteElo "2555"]
[BlackElo "2540"]
[EventDate "1993.08.??"]

1. d4 d5 2. c4 e6 3. Nc3 Be7 4. cxd5 exd5 5. Bf4 c6 6. e3 Bf5 7. Nge2 Nd7 
8. h3 Bg6 9. Ng3 Ngf6 10. Be2 a5 11. O-O O-O 12. h4 h6 13. h5 Bh7 14. f3 
Ne8 15. e4 Bg5 16. Qd2 Nc7 17. exd5 Bxf4 18. Qxf4 cxd5 19. Qd6 Re8 20. 
Nxd5 Nxd5 21. Qxd5 Qc7 22. f4 Nf6 23. Qc5 Qd8 24. Rac1 b6 25. Qc3 Nd5 26. 
Qd2 Qd6 27. Bb5 Red8 28. a3 Rab8 29. Rc6 Qe7 30. f5 Qh4 31. Rf3 Kh8 32. 
Rc1 f6 33. Re1 Nc7 34. Re4 Qg5 35. Qxg5 hxg5 36. Bc6 Bg8 37. Rc3 Nd5 38. 
Bxd5 Bxd5 39. Re7 Rb7 40. Rxb7 Bxb7 41. Rc7 Bd5 42. h6 gxh6 43. Nh5 Rf8 
44. Kf2 b5 45. g4 b4 46. Rc5 Bb3 47. Rxa5 Bd1 48. Kg3 bxa3 49. bxa3 Rb8 
50. Nxf6 Kg7 51. Ra6 Rb3+ 52. Kf2 Rd3 53. d5 Kf7 54. a4 Bxa4 55. Ne4 Bd1 
56. Rxh6 Bxg4 57. Nxg5+ Ke8 58. f6 Rxd5 59. f7+ 1-0

[Event "Las Palmas op"]
[Site "Las Palmas"]
[Date "1993.??.??"]
[Round "?"]
[White "Vaisser, Anatoli"]
[Black "Milos, Gilberto"]
[Result "1/2-1/2"]
[WhiteElo "2580"]
[BlackElo "2565"]
[EventDate "1993.09.??"]

1. d4 Nf6 2. c4 e6 3. Nc3 d5 4. cxd5 exd5 5. Bg5 c6 6. e3 Bf5 7. Qf3 Bg6 
8. Bxf6 Qxf6 9. Qxf6 gxf6 10. Kd2 Nd7 11. h4 Nb6 12. b3 a5 13. a4 Bb4 14. 
h5 Bf5 15. Bd3 Bxd3 16. Kxd3 Rg8 17. g3 Bxc3 18. Kxc3 Nc8 19. Nh3 Nd6 20. 
Kd3 1/2-1/2

[Event "Novosibirsk"]
[Site "Novosibirsk"]
[Date "1993.??.??"]
[Round "4"]
[White "Psakhis, Lev"]
[Black "Ruban, Vadim"]
[Result "1-0"]
[WhiteElo "2575"]
[BlackElo "2595"]
[EventDate "1993.06.??"]

1. d4 Nf6 2. c4 e6 3. Nc3 d5 4. cxd5 exd5 5. Bg5 Be7 6. e3 Nbd7 7. Bd3 O-O
8. Nf3 Re8 9. O-O c6 10. Qc2 Nf8 11. h3 Nh5 12. Bxe7 Qxe7 13. Rab1 a5 14. 
a3 g6 15. Na4 Nd7 16. b4 axb4 17. axb4 b5 18. Nc5 Nxc5 19. dxc5 Ng7 20. 
Ra1 Bf5 21. Nd4 Bxd3 22. Qxd3 Qf6 23. Qc3 Ra4 24. Rxa4 bxa4 25. Qc2 Ra8 
26. Ra1 a3 27. Qb3 Nf5 28. Nc2 d4 29. Rxa3 Rxa3 30. Qxa3 dxe3 31. Nxe3 Nd4
32. Ng4 Qe6 33. Qa8+ Kg7 34. Qa1 Qc4 35. Ne3 Qd3 36. b5 cxb5 37. c6 f6 38.
 c7 Ne2+ 39. Kh1 1-0

[Event "Novosibirsk"]
[Site "Novosibirsk"]
[Date "1993.??.??"]
[Round "10"]
[White "Vaisser, Anatoli"]
[Black "Pigusov, Evgeny"]
[Result "1/2-1/2"]
[WhiteElo "2555"]
[BlackElo "2575"]
[EventDate "1993.06.??"]

1. d4 Nf6 2. c4 e6 3. Nf3 d5 4. Nc3 Be7 5. Bg5 O-O 6. Qc2 Nbd7 7. cxd5 
exd5 8. e3 c6 9. Bd3 Re8 10. O-O Nf8 11. Ne5 Ng4 12. Bxe7 Qxe7 13. Nxg4 
Bxg4 14. Rae1 Rad8 15. f4 Bc8 16. f5 Nd7 17. a3 Nf6 18. Qf2 a6 19. Qf4 c5 
20. Re2 b5 21. dxc5 Qxc5 22. Qd4 Qe7 1/2-1/2